Statystyki dla rozpad Jugosławii

Kliknij tutaj aby rozwiązać quiz!

Ogólne statystyki

  • Ten quiz został rozwiązany 23 razy
  • Średni wynik to 2 z 15

Statystyki odpowiedzi

HintOdpowiedź% Poprawnych
1992.03.27-1995.12.14wojna w bośni
67%
1980.05śmierć marszałka Josipa broz tito
38%
2008.02niepodległość kosowa
24%
2006.06niepodległość czarnogóry
14%
środek lata 1990rewolucja balowa w chorwacji
10%
1998-1999wojna w kosowie
10%
1980skryzys gospodarczy w SFRJ
5%
wiosna 1990wolne wybory
5%
marzec/kwiecień 1991wybuch wojny w chorwacji
5%
1991.06.25-1991.07.07wojna dziesięciodniowa w Słowenii
5%
wrzesień 1991ofensywa JNA w chorwacji
5%
grudzień 1990referndum niepodległościowe w Słoweńskiej SFRJ
0%
1991.06.25ogłoszenie niepodległości Słowenii i Chowacji
0%
1992.02.28 i 1992.03.01referendum w bońsni
0%
lipiec 1995upadek srebrenicy i zepy
0%

Rozkład punktacji

Percentyl według liczby udzielonych odpowiedzi

Procent ludzi z każdym wynikiem

Twoja historia wyników

Nie rozwiązałeś tego quizu